Normal view
MARC view
- Gerson Da Costa
Entry Personal Name
001 - CONTROL NUMBER
- control field: 79825
003 - CONTROL NUMBER IDENTIFIER
- control field: NUST
005 - DATE AND TIME OF LATEST TRANSACTION
- control field: 20210628210530.0
008 - FIXED-LENGTH DATA ELEMENTS
- fixed length control field: 210628|| aca||aabn | a|a d
040 ## - CATALOGING SOURCE
- Original cataloging agency: NUST
- Transcribing agency: NUST
100 ## - HEADING--PERSONAL NAME
- Personal name: Gerson Da Costa
670 ## - SOURCE DATA FOUND
- Source citation: Work cat.: (NUST): Gerson Da Costa, Nuclear politics destruction and disarmament in a dangerous world, 2000
